00686nam a2200193 i 4500001000700000003000900007005001700016007000300033008004100036100002900077245006700106260003200173300002200205500002900227600002700256852006800283999001900351952012200370117344ES-MaACL20230906190902.0t|070302s1950 xxk r ||||1| eng d1 aPearson, Hesketh.98982010aBernard Shaw b: his life and personality / cHesketh Pearson. aLondon : bCollins, c1950. a424 p. ; c22 cm. aRetrato de Bernard Shaw.04aShaw, Bernard.9106025 aES-MaACLjC-27630 bR.57021 z.- Donat. José Antonio Llardent c117344d117344 00104070aATENEOMbATENEOMcDEPO2d2008-01-17eSCl0oC-27630p1122344r2023-02-23 00:00:00w2023-02-23yMONOGRAFIA